Materiálovo-energetická integrácia splyňovača ropných zvyškov do rafinérie bakalárska práca

Salvato in:
Dettagli Bibliografici
Autore principale: Šimášek, Martin
Natura: Libro
Lingua:slovacco
Pubblicazione: Bratislava STU FCHPT 2019
Accesso online:Visualizza in OPAC
Tags: Aggiungi Tag
Nessun Tag, puoi essere il primo ad aggiungerne!!

MARC

LEADER 00000nam a2200000 a 4500
005 20260127134119.0
008 190916 2019 xo a 001 0 slo d
035 |a vtls011887036 
039 9 |y 201909160952  |z mschk03 
040 |a STUSCHK1  |b slo  |c STUSCHK1  |e AACR2 
100 1 |a Šimášek, Martin 
245 1 |a Materiálovo-energetická integrácia splyňovača ropných zvyškov do rafinérie  |b bakalárska práca  |c Martin Šimášek 
260 |a Bratislava  |b STU FCHPT  |c 2019 
300 |a 57 s.  |b Obr., tab.  |c 25 cm 
500 |a Študijný program: chemické inžinierstvo 
500 |a Študijný odbor: chemické inžinierstvo 
500 |a Školiace pracovisko: Oddelenie chemického a biochemického inžinierstva 
500 |a Evid. číslo: FCHPT-5431-76507 
910 |a SCHK95 
999 |c 4377  |d 4377